|
|
|
|
| LEADER |
00000nam0a2200000 4500 |
| 001 |
73411 |
| 005 |
20231031084343.0 |
| 035 |
|
|
|a (RuTPU)RU\TPU\book\78336
|
| 090 |
|
|
|a 73411
|
| 100 |
|
|
|a 20050215d1987 m y0rusy50 ca
|
| 101 |
0 |
|
|a rus
|
| 102 |
|
|
|a RU
|
| 105 |
|
|
|a a j 001zy
|
| 200 |
1 |
|
|a Прогнозирование и поиски скрытого оруденения
|e учебное пособие
|f А. Ф. Коробейников
|g Томский политехнический институт
|
| 210 |
|
|
|a Томск
|c Изд-во ТПИ
|d 1987
|
| 215 |
|
|
|a 96 с.
|c ил.
|e карт.
|
| 320 |
|
|
|a Библиогр.: с. 94.
|
| 610 |
1 |
|
|a скрытое оруденение
|
| 610 |
1 |
|
|a прогнозные карты
|
| 610 |
1 |
|
|a рудно-метасоматическая зональность
|
| 610 |
1 |
|
|a рудоносные территории
|
| 610 |
1 |
|
|a полезные ископаемые
|
| 610 |
1 |
|
|a поисково-разведочные работы
|
| 610 |
1 |
|
|a учебные пособия
|
| 610 |
1 |
|
|a труды учёных ТПУ
|
| 675 |
|
|
|a 550.8(075.8)
|v 3
|
| 700 |
|
1 |
|a Коробейников
|b А. Ф.
|c российский геолог, доктор геолого-минералогических наук
|c профессор Томского политехнического университета
|f 1934-
|g Александр Феопенович
|2 stltpush
|3 (RuTPU)RU\TPU\pers\12688
|4 070
|
| 712 |
0 |
2 |
|a Томский политехнический институт
|2 stltpush
|3 (RuTPU)RU\TPU\col\1123
|
| 801 |
|
1 |
|a RU
|b 63413507
|c 20050215
|g PSBO
|
| 801 |
|
2 |
|a RU
|b 63413507
|c 20160408
|g PSBO
|
| 900 |
|
|
|a Прогнозирование и поиски месторождений полезных ископаемых
|
| 942 |
|
|
|c BK
|